Syria burning <a> short history of a catastrophe

Salvato in:
Dettagli Bibliografici
Autore principale: Glass, Charles
Natura: Libro
Lingua:inglese
Pubblicazione: London Verso 2016
Soggetti:
Tags: Aggiungi Tag
Nessun Tag, puoi essere il primo ad aggiungerne!!

MARC

LEADER 00000nam a2200000 4500
001 0222052
005 20240314103533.8
020 |a 978-1-78478-516-1 
041 0 |a eng 
044 |a GB 
245 1 0 |a Syria burning  |b <a> short history of a catastrophe  |c Charles Glass 
264 1 |a London  |b Verso  |c 2016 
300 |a 173 s. 
610 2 0 |a konflikty medzinárodné 
610 2 0 |a konflikty náboženské 
610 2 0 |a konflikty etnické 
610 2 0 |a vojny 
610 2 0 |a politika medzinárodná 
610 2 0 |a politika svetová 
610 2 0 |a vzťahy politické medzinárodné 
610 2 0 |a revolúcia 
610 2 0 |a Arabi 
610 2 0 |a Sýria 
100 1 |a Glass, Charles